<?xml version="1.0" encoding="UTF-8"?><?xml-stylesheet type="text/xsl" href="static/style.xsl"?><OAI-PMH xmlns="http://www.openarchives.org/OAI/2.0/" xmlns:xsi="http://www.w3.org/2001/XMLSchema-instance" xsi:schemaLocation="http://www.openarchives.org/OAI/2.0/ http://www.openarchives.org/OAI/2.0/OAI-PMH.xsd"><responseDate>2026-04-27T20:21:12Z</responseDate><request verb="GetRecord" identifier="oai:riubu.ubu.es:10259/5001" metadataPrefix="marc">https://riubu.ubu.es/oai/request</request><GetRecord><record><header><identifier>oai:riubu.ubu.es:10259/5001</identifier><datestamp>2021-11-10T09:53:33Z</datestamp><setSpec>com_10259_4996</setSpec><setSpec>com_10259_3989</setSpec><setSpec>com_10259.4_106</setSpec><setSpec>com_10259_2604</setSpec><setSpec>col_10259_4999</setSpec></header><metadata><record xmlns="http://www.loc.gov/MARC21/slim" xmlns:doc="http://www.lyncode.com/xoai" xmlns:xsi="http://www.w3.org/2001/XMLSchema-instance" xmlns:dcterms="http://purl.org/dc/terms/" xsi:schemaLocation="http://www.loc.gov/MARC21/slim http://www.loc.gov/standards/marcxml/schema/MARC21slim.xsd">
<leader>00925njm 22002777a 4500</leader>
<datafield tag="042" ind1=" " ind2=" ">
<subfield code="a">dc</subfield>
</datafield>
<datafield tag="720" ind1=" " ind2=" ">
<subfield code="a">Recio Rodríguez, José I.</subfield>
<subfield code="e">author</subfield>
</datafield>
<datafield tag="720" ind1=" " ind2=" ">
<subfield code="a">Agudo Conde, Cristina</subfield>
<subfield code="e">author</subfield>
</datafield>
<datafield tag="720" ind1=" " ind2=" ">
<subfield code="a">Calvo Aponte, Maria J. .</subfield>
<subfield code="e">author</subfield>
</datafield>
<datafield tag="720" ind1=" " ind2=" ">
<subfield code="a">González Viejo, Natividad .</subfield>
<subfield code="e">author</subfield>
</datafield>
<datafield tag="720" ind1=" " ind2=" ">
<subfield code="a">Fernández Alonso, Carmen</subfield>
<subfield code="e">author</subfield>
</datafield>
<datafield tag="720" ind1=" " ind2=" ">
<subfield code="a">Mendizábal Gallastegui, Nere .</subfield>
<subfield code="e">author</subfield>
</datafield>
<datafield tag="720" ind1=" " ind2=" ">
<subfield code="a">Rodríguez Martín, Beatriz .</subfield>
<subfield code="e">author</subfield>
</datafield>
<datafield tag="720" ind1=" " ind2=" ">
<subfield code="a">Maderuelo Fernández, José A.</subfield>
<subfield code="e">author</subfield>
</datafield>
<datafield tag="720" ind1=" " ind2=" ">
<subfield code="a">Rodríguez Sánchez, Emiliano</subfield>
<subfield code="e">author</subfield>
</datafield>
<datafield tag="720" ind1=" " ind2=" ">
<subfield code="a">Gómez Marcos, Manuel A.</subfield>
<subfield code="e">author</subfield>
</datafield>
<datafield tag="720" ind1=" " ind2=" ">
<subfield code="a">García Ortiz, Luis</subfield>
<subfield code="e">author</subfield>
</datafield>
<datafield tag="720" ind1=" " ind2=" ">
<subfield code="a">On Behalf of the EVIDENT Investigators</subfield>
<subfield code="e">author</subfield>
</datafield>
<datafield tag="260" ind1=" " ind2=" ">
<subfield code="c">2018-10</subfield>
</datafield>
<datafield tag="520" ind1=" " ind2=" ">
<subfield code="a">Background: This study evaluates the effectiveness of adding a diet smartphone application to standard counseling to modify dietary composition over the long term (12 months). Methods: A randomized, controlled, multicenter clinical trial was conducted involving the participation of 833 subjects from primary care clinics (415 to the intervention (counseling + application) group (IG) and 418 to the control (counseling) group (CG)). Both groups were counseled about a healthy diet and physical activity. For the 3-month intervention period, the IG was also trained to use a diet smartphone application that involved dietary self-monitoring and tailored feedback. Nutritional composition was estimated using a self-reported food frequency questionnaire. Results: An analysis of repeated measures revealed an interaction between the group and the percentages of carbohydrates (p = 0.031), fats (p = 0.015) and saturated fats (p = 0.035) consumed. Both groups decreased their energy intake (Kcal) at 12 months (IG: −114 (95% CI: −191 to −36); CG: −108 (95% CI: −184 to −31)). The IG reported a higher percentage intake of carbohydrates (1.1%; 95% CI: 0.1 to 2.0), and lower percentage intakes of fats (−1.0%; 95% CI: −1.9 to −0.1) and saturated fats (−0.4%; 95%CI: −0.8 to −0.1) when compared to the CG. Conclusions: Better results were achieved in terms of modifying usual diet composition from counseling and the diet smartphone application compared to counseling alone. This was evaluated by a self-reported questionnaire, which indicated an increased percentage intake of carbohydrates, and decreased percentage intakes of fats and saturated fats</subfield>
</datafield>
<datafield tag="024" ind2=" " ind1="8">
<subfield code="a">2072-6643</subfield>
</datafield>
<datafield tag="024" ind2=" " ind1="8">
<subfield code="a">http://hdl.handle.net/10259/5001</subfield>
</datafield>
<datafield tag="024" ind2=" " ind1="8">
<subfield code="a">10.3390/nu10101473</subfield>
</datafield>
<datafield ind1=" " ind2=" " tag="653">
<subfield code="a">diet</subfield>
</datafield>
<datafield ind1=" " ind2=" " tag="653">
<subfield code="a">smartphone applications</subfield>
</datafield>
<datafield ind1=" " ind2=" " tag="653">
<subfield code="a">diet records</subfield>
</datafield>
<datafield ind1=" " ind2=" " tag="653">
<subfield code="a">dietary fats</subfield>
</datafield>
<datafield ind1=" " ind2=" " tag="653">
<subfield code="a">dietary carbohydrates</subfield>
</datafield>
<datafield ind1=" " ind2=" " tag="653">
<subfield code="a">general population</subfield>
</datafield>
<datafield tag="245" ind1="0" ind2="0">
<subfield code="a">The effectiveness of a smartphone application on modifying the intakes of macro and micronutrients in primary care: a randomized controlled trial. The EVIDENT II Study</subfield>
</datafield>
</record></metadata></record></GetRecord></OAI-PMH>